[Event "Canberra Sunday Summer"]
[Site "Canberra"]
[Date "2021.02.14"]
[Round "6"]
[White "Kong, Dexuan"]
[Black "Archer, Saffron"]
[Result "0-1"]
[WhiteElo "1455"]
[BlackElo "1709"]
[PlyCount "96"]
[EventDate "2021.01.10"]
[EventType "swiss"]
[EventRounds "7"]
[EventCountry "AUS"]
[SourceTitle "EXT 2022"]
[Source "ChessBase"]
[SourceDate "2021.10.06"]
[SourceVersion "1"]
[SourceVersionDate "2021.10.06"]
[SourceQuality "1"]

1. e4 e5 2. Nf3 Nc6 3. Bc4 Nf6 4. d3 Be7 5. Be3 d6 6. c3 0-0 7. Nbd2 Na5 8. Bb3 Nxb3 9. Qxb3 Ng4 10. Nf1 c6 11. h3 Nf6 12. Ng3 Qc7 13. 0-0 d5 14. Bg5 Be6 15. Qc2 h6 16. Bd2 Bd6 17. Rfe1 Nd7 18. Nf5 Bxf5 19. exf5 Qd8 20. g4 Qf6 21. Kh1 Rae8 22. h4 Nc5 23. b4 e4 24. Bg5 hxg5 25. hxg5 Qd8 26. bxc5 exf3 27. f6 Bf4 28. d4 Bxg5 29. fxg7 Kxg7 30. Qf5 Qf6 31. Re5 Rxe5 32. Qxe5 Qxe5 33. dxe5 Re8 34. Re1 Bf4 35. a4 Rxe5 36. Rb1 Re2 37. Kg1 Rc2 38. Kf1 Rxc3 39. Ke1 Rc1+ 40. Rxc1 Bxc1 41. Kd1 Ba3 42. Ke1 Bxc5 43. Kf1 b5 44. a5 b4 45. Kg1 b3 46. a6 b2 47. g5 Bd6 48. g6 b1Q# 0-1

[Event "ACT-ch"]
[Site "Canberra"]
[Date "2016.02.12"]
[Round "1"]
[White "Yuan, Ziqi"]
[Black "Kong, Dexuan"]
[Result "1-0"]
[WhiteElo "1693"]
[BlackElo "561"]
[PlyCount "61"]
[EventDate "2016.02.12"]
[EventType "swiss"]
[EventRounds "9"]
[EventCountry "AUS"]
[SourceTitle "CBM 171 Extra"]
[Source "ChessBase"]
[SourceDate "2016.04.26"]
[SourceVersion "1"]
[SourceVersionDate "2016.04.26"]
[SourceQuality "1"]

1. b4 e5 2. Bb2 d6 3. c4 Be6 4. e3 f5 5. Nf3 Nf6 6. Nc3 Nbd7 7. Ng5 Qe7 8. Nxe6 Qxe6 9. Nb5 Kd8 10. Be2 c6 11. Nc3 Be7 12. Qc2 Rc8 13. a3 d5 14. c5 a5 15. 0-0 d4 16. Na4 axb4 17. axb4 g5 18. Bc4 Nd5 19. exd4 exd4 20. Bxd4 h5 21. Bxh8 h4 22. Rfe1 Qf7 23. Bxd5 Qxd5 24. Nc3 Qc4 25. Qxf5 g4 26. Rxe7 Kxe7 27. Re1+ Kd8 28. Qg5+ Kc7 29. Be5+ Nxe5 30. Qxe5+ Kd7 31. Qe7# 1-0

[Event "ACT-ch"]
[Site "Canberra"]
[Date "2015.03.08"]
[Round "5"]
[White "Bruer, Matthew"]
[Black "Kong, Dexuan"]
[Result "0-1"]
[WhiteElo "833"]
[BlackElo "306"]
[PlyCount "38"]
[EventDate "2015.03.06"]
[EventType "swiss"]
[EventRounds "7"]
[EventCountry "AUS"]
[SourceTitle "CBM 165 Extra"]
[Source "ChessBase"]
[SourceDate "2015.04.21"]
[SourceVersion "1"]
[SourceVersionDate "2015.04.21"]
[SourceQuality "1"]

1. e4 e5 2. Nf3 Nc6 3. Bc4 Nf6 4. Nc3 Bc5 5. 0-0 d6 6. Re1 Bg4 7. Na4 Nd4 8. Be2 Nxe4 9. Nxd4 Bxd4 10. Rf1 Bxe2 11. Qxe2 Qh4 12. Nc3 0-0 13. Nxe4 d5 14. Ng3 f5 15. c3 Bc5 16. Qxe5 f4 17. Nf5 Qg4 18. Qxd5+ Kh8 19. Nxg7 f3 0-1

[Event "ACT-ch"]
[Site "Canberra"]
[Date "2015.03.07"]
[Round "2"]
[White "Egan, Bill"]
[Black "Kong, Dexuan"]
[Result "1-0"]
[WhiteElo "1692"]
[BlackElo "306"]
[PlyCount "85"]
[EventDate "2015.03.06"]
[EventType "swiss"]
[EventRounds "7"]
[EventCountry "AUS"]
[SourceTitle "CBM 165 Extra"]
[Source "ChessBase"]
[SourceDate "2015.04.21"]
[SourceVersion "1"]
[SourceVersionDate "2015.04.21"]
[SourceQuality "1"]

1. d4 d5 2. c4 c6 3. Nc3 Nf6 4. cxd5 Nxd5 5. e4 Nxc3 6. bxc3 e6 7. Bf4 Nd7 8. Nf3 Nf6 9. Bd3 c5 10. 0-0 cxd4 11. cxd4 Bd6 12. Bxd6 Qxd6 13. e5 Qd5 14. exf6 gxf6 15. Qb3 Qc6 16. Rac1 Qd5 17. Qxd5 exd5 18. Rc7 Rg8 19. Rfc1 Rg7 20. Rxc8+ Rxc8 21. Rxc8+ Kd7 22. Bf5+ Ke7 23. Rh8 a5 24. Rxh7 Rxh7 25. Bxh7 b5 26. Bd3 b4 27. Nd2 a4 28. Bc2 b3 29. axb3 a3 30. Bb1 f5 31. h4 Kf6 32. b4 Ke7 33. h5 Kf8 34. b5 Kg7 35. b6 Kh6 36. b7 Kxh5 37. b8Q a2 38. Bxa2 f6 39. Qg8 Kh6 40. Nf3 Kh5 41. Bb1 Kh6 42. Bxf5 Kh5 43. Qg6# 1-0